01370nab a22002657a 4500003000400000005001700004008004100021040000700062100002400069245013000093260007300223300001300296500007500309505030500384505008900689650002900778650001500807650002000822650001400842650002500856650003900881650002100920650002700941773013600968OSt20260131191134.0190603e xxum|||| |||| 00| 0 spa d cPJ aLamber, Néstor D.10aExpedientes sucesorios electrónicos en el estudio de antecedentes inmobiliarios y su registración /cNéstor D. Lamber.  cCiudad Autónoma de Buenos Aires :aThomson Reuters La Ley, b2025. ap. 26-36 aCita: TR LALEY AR/DOC/2871/2025 Publicado en: RCCyC 2025 (Diciembre). aSumario: I. Introducción.— II. Vista de expedientes judiciales electrónicos en la relación de antecedentes inmobiliarios.— III. Transcripciones de expedientes judiciales electrónicos para la inscripción por protocolización o tracto abreviado.— IV. Testimonios notariales digitales.  t¿Te interesa el texto completo? Solicitalo al correo: koha@justierradelfuego.gov.ar 0aCODIGO CIVIL Y COMERCIAL 0aSUCESIONES 0aDERECHOS REALES 0aHEREDEROS 0aPUBLICIDAD REGISTRAL 0aDECLARATORIA JUDICIAL DE HEREDEROS 0aDERECHO NOTARIAL 0aCIENCIA Y TECNOLOGÍA0 02713dCiudad Autónoma de Buenos Aires : Thomson Reuters La Ley, 2015-tRevista Código Civil y Comercial. Nº 6 - Diciembre 2025